| 000 | 00353nam a22001457a 4500 | ||
|---|---|---|---|
| 003 | OSt | ||
| 005 | 20160727222402.0 | ||
| 008 | 160623b xxu||||| |||| 00| 0 eng d | ||
| 040 | _cTEST | ||
| 100 |
_9715 _aJohnson, W |
||
| 245 | _aMuddling Toward Frugality | ||
| 260 |
_aColoroda _bShanbhala _c1978 |
||
| 300 | _aMuddling Toward Frugality | ||
| 942 |
_2ddc _cBK |
||
| 999 |
_c580 _d580 |
||